Environment-friendly procurement (Record no. 68100)
[ view plain ]
| 000 -LEADER | |
|---|---|
| fixed length control field | 00880cam a2200205 4500 |
| 001 - CONTROL NUMBER | |
| control field | WB3732-18 |
| 008 - FIXED-LENGTH DATA ELEMENTS--GENERAL INFORMATION | |
| fixed length control field | 010828n2001 000 0 eng u |
| 035 ## - SYSTEM CONTROL NUMBER | |
| System control number | (Sirsi) u114359 |
| 245 ## - TITLE STATEMENT | |
| Title | Environment-friendly procurement |
| 260 ## - PUBLICATION, DISTRIBUTION, ETC. | |
| Date of publication, distribution, etc. | 2001 |
| 490 ## - SERIES STATEMENT | |
| Series statement | RICS European Alert |
| Volume/sequential designation | August 2001, 2-3(1) |
| 520 ## - SUMMARY, ETC. | |
| Summary, etc. | As part of its sustainable development strategy the European Commission has published a Communication explaining how environmental concerns may be taken into account when awarding public contracts. As a follow-up to this document the Commission intends to produce a practical handbook on green public procurement. The Communication can be viewed at: http://wimap.eu.int |
| 590 ## - LOCAL NOTE (RLIN) | |
| Local note | WB |
| 650 ## - SUBJECT ADDED ENTRY--TOPICAL TERM | |
| Topical term or geographic name entry element | EC |
| 650 ## - SUBJECT ADDED ENTRY--TOPICAL TERM | |
| Topical term or geographic name entry element | PUBLIC PROCUREMENT |
| 650 ## - SUBJECT ADDED ENTRY--TOPICAL TERM | |
| Topical term or geographic name entry element | ENVIRONMENTAL CONCERNS |
| 650 ## - SUBJECT ADDED ENTRY--TOPICAL TERM | |
| Topical term or geographic name entry element | PUBLIC CONTRACTS |
| 690 ## - LOCAL SUBJECT ADDED ENTRY--TOPICAL TERM (OCLC, RLIN) | |
| Topical term or geographic name as entry element | DEVELOPMENT-SUSTAINABLE |
| 942 ## - ADDED ENTRY ELEMENTS (KOHA) | |
| Suppress in OPAC | 0 |
| Withdrawn status | Lost status | Source of classification or shelving scheme | Damaged status | Not for loan | Home library | Current library | Shelving location | Date acquired | Total Checkouts | Full call number | Barcode | Date last seen | Copy number | Price effective from | Koha item type |
|---|---|---|---|---|---|---|---|---|---|---|---|---|---|---|---|
| Dewey Decimal Classification | London | London | News article | 28/08/2001 | WB3732-18 | 114359-1001 | 06/08/2019 | 1 | 06/08/2019 | News article |